Riconosci il Pokémon - Quiz n°714 - Statistics

Statistiche generali
  • Questo quiz è stato fatto 0 volte
  • Il punteggio medio è 0 su 10
Statistiche sulle risposte
Indizio Riposta % Corretto
Altezza 1,5 m
0%
Tasso di cattura 25 (7.7%)
0%
Peso 42,9 kg
0%
Sesso 50% ♂, 50% ♀
0%
Pokémon Bombirdier
0%
Tasso di allevamento Lento
0%
Generazione Nona
0%
Stadio evoluzione Non si evolve
0%
Abilità Pettinfuori; Sguardofermo; Portamassi
0%
Tipo Volante / Buio
0%
Nessun quiz corrispondente trovato
Distribuzione punteggi
Percentuale di utenti per punteggio
Percentile per numero di risposta
I tuoi punteggi nel tempo
Non hai fatto questo quiz